000
00324nam a2200133Ia 4500
005
20251222143153.0
008
251222s9999||||xx |||||||||||||| ||spa||
020
_a
958-648-374-6
082
_a
371.89/T64
100
_a
Tobón Tobón, Sergio
245
0
_a
Formación Basada en Competencias:
264
_b
Ecoe
942
_c
LIB
999
_c
12757
_d
12757